|
|
|
|
| LEADER |
00787nam a2200205 a 4500 |
| 001 |
00027242 |
| 008 |
130722s2009 bg 000 0 eng |
| 020 |
|
|
|a 98444524507
|
| 040 |
|
|
|a BD-DhAAL
|c BD-DhAAL.
|
| 082 |
0 |
0 |
|a 320.95492
|2 22
|
| 100 |
1 |
|
|a Kabir, Jahangir
|
| 245 |
1 |
4 |
|a The roadmap to democracy :
|b an analytical view on Bangladesh/
|c Jahangir Kabir
|
| 260 |
|
|
|a Dhaka :
|b Palok Publishers,
|c 2009
|
| 300 |
|
|
|a 146 p. ;
|c 25 cm.
|
| 541 |
|
|
|e 00027242
|
| 650 |
|
0 |
|a Democracy
|z Bangladesh
|
| 651 |
|
0 |
|a Bangladesh
|x Politics and government.
|
| 852 |
1 |
|
|a Ayesha Abed Library
|j General shelf.
|
| 999 |
|
|
|c 13697
|d 13697
|
| 952 |
|
|
|0 0
|1 0
|2 ddc
|4 0
|6 320_954920000000000_KAB
|7 0
|9 22938
|a IGS
|b IGS
|c GEN
|d 2013-07-24
|e Paragon Enterprises Ltd.
|g 211.00
|l 0
|o 320.95492 KAB
|p 3010027242
|r 2013-07-24
|t 1
|w 2013-07-24
|y BK
|